00478nam a2200169Ia 4500999001700000003000400017005001700021008004100038040000900079082002000088100003100108245005800139260004300197300000800240650001300248942004700261 c36169d36169OSt20201207134128.0190216s9999||||xx |||||||||||||| ||und|| coclc a354.5482bGOV/T aGovernment of Kerala93290 0aTaxes Department Notification /cGovernment of Kerala bKerala Government,c1993.aTrivandrum: a23p aCommerce cREF2ddch354.5482iGOV/Tk354.5482mGOV/T